000 00544nam a2200205Ia 4500
003 OSt
005 20230201095044.0
008 210210b2019 xxu||||| |||| 00| 0 eng d
020 _a9789387894648
040 _cAL
041 _aeng
082 _a658.400922 BANS
100 _aBANSAL (Rashmi)
_970375
245 _aShine bright: inspiring stories of CEOs who are intrapreneurs
260 _aChennai
_bWestland books pvt ltd.,
_c2019
300 _aviii,283
690 _aExecutive Management
_970376
906 _a074041
942 _2ddc
_cBK
999 _c123797
_d123797